Bases mathématiques du calcul des probabilités /
Guardado en:
| Autor Principal: | |
|---|---|
| Formato: | Libro |
| Idioma: | French |
| Publicado: |
Paris :
Masson,
1970.
|
| Edición: | 2e. éd., revue et corr. |
| Materias: | |
| Etiquetas: |
Agregar Etiqueta
Sin Etiquetas, Sea el primero en etiquetar este registro!
|
| LEADER | 00737cam a22002291a 4500 | ||
|---|---|---|---|
| 001 | MAT.inmabb002817 | ||
| 008 | 780925s1970####fr#######b####001#0#fre## | ||
| 005 | 20110913171530.0 | ||
| 245 | 1 | 0 | |a Bases mathématiques du calcul des probabilités / |c par Jacques Neveu ; préface du Pr R. Fortet. |
| 250 | |a 2e. éd., revue et corr. | ||
| 260 | |a Paris : |b Masson, |c 1970. | ||
| 300 | |a xii, 213 p. ; |c 25 cm. | ||
| 504 | |a Bibliografía: p. [205]-209. | ||
| 510 | 4 | |a MR, |c 42 #6885 | |
| 100 | 1 | |a Neveu, J. |q (Jacques) | |
| 246 | 1 | 8 | |a Calcul des probabilités. |
| 650 | 0 | |a Probabilities. | |
| 650 | 0 | |a Measure theory. | |
| 084 | |a 60-01 |2 msc2000 | ||
| 010 | |a 70542863 | ||
| 040 | |a DLC |c NRU |d FrMaUAMM |d DLC | ||
| 859 | |h 60 |i N519 |p A-5311 |b BIB. MATEMATICA | ||
